The Stephen Cobb complete book of PC and LAN security / (Record no. 16476)
[ view plain ]
| 000 -LEADER | |
|---|---|
| fixed length control field | 00558pam a2200181 a 4500 |
| 020 ## - INTERNATIONAL STANDARD BOOK NUMBER | |
| ISBN | 0830692800 : |
| 020 ## - INTERNATIONAL STANDARD BOOK NUMBER | |
| ISBN | 0830632808 (pbk.) : |
| 040 ## - CATALOGING SOURCE | |
| Transcribing agency | DLC |
| 082 00 - DEWEY DECIMAL CLASSIFICATION NUMBER | |
| Classification number | 005 TAB 1992 A004 Or. |
| 100 1# - MAIN ENTRY--AUTHOR NAME | |
| Personal name | Cobb, Stephen, |
| 245 14 - TITLE STATEMENT | |
| Title | The Stephen Cobb complete book of PC and LAN security / |
| 250 ## - EDITION STATEMENT | |
| Edition statement | 1st ed. |
| 260 ## - PUBLICATION, DISTRIBUTION, ETC. (IMPRINT) | |
| Place of publication | Blue Ridge Summit, PA : |
| Name of publisher | Windcrest : |
| -- | TAB, Software Dept. [distributor], |
| Year of publication | c1992. |
| 300 ## - PHYSICAL DESCRIPTION | |
| Number of Pages | xvi, 556 p. : |
| Other physical details | ill. ; |
| Dimensions | 25 cm. |
| 650 #0 - SUBJECT ADDED ENTRY--TOPICAL TERM | |
| Topical Term | Local area networks (Computer networks) |
| 650 #0 - SUBJECT ADDED ENTRY--TOPICAL TERM | |
| Topical Term | Computer security. |
| 942 ## - ADDED ENTRY ELEMENTS (KOHA) | |
| Koha item type | សៀវភៅភាសាអង់គ្លេស |
| 952 ## - LOCATION AND ITEM INFORMATION (KOHA) | |
| Withdrawn status [LOCAL, KOHA] | 0 |
| Permanent Location | Date acquired | Koha item type | Lost status | Shelving location | Barcode | Current Location | Full call number |
|---|---|---|---|---|---|---|---|
| Library Block A | 2018-02-26 | សៀវភៅភាសាអង់គ្លេស | A004 | A07501 | Library Block A | 005 TAB 1992 A004 Or. |